000 00610nam a22002177a 4500
999 _c17114
_d17114
003 OSt
005 20181112100625.0
008 181112b ||||| |||| 00| 0 eng d
020 _a9780080448602
040 _aSEKU
050 _aQD 262
_b.G39 2012
100 _aGawley, Robert E.
245 _aPrinciples of assymmetric synthesis /
_cRobert E. Gawley and Jeffrey Aube.
250 _a2nd ed.
260 _aOxford :
_bElsevier,
_c2012.
300 _a562 p. :
_bill.
504 _aBibliographical references and index.
650 _aAsymmetric synthesis
700 _aAube, Jeffrey.
942 _2lcc
_cGEN